[Event "THA-chT"]
[Site "Bangkok"]
[Date "2015.12.13"]
[Round "9.2"]
[White "Menkinoski, Riste"]
[Black "Rao, Manas"]
[Result "1-0"]
[WhiteElo "2316"]
[BlackElo "1626"]
[PlyCount "75"]
[EventDate "2015.12.04"]
[EventType "team-swiss"]
[EventRounds "9"]
[EventCountry "THA"]
[SourceTitle "CBM 170 Extra"]
[Source "ChessBase"]
[SourceDate "2016.02.25"]
[SourceVersion "1"]
[SourceVersionDate "2016.02.25"]
[SourceQuality "1"]
[WhiteTeam "IWICA"]
[BlackTeam "BCC Juniors"]
[WhiteTeamCountry "THA"]
[BlackTeamCountry "THA"]

1. e4 c5 2. Nf3 d6 3. c3 Nf6 4. Be2 Nc6 5. d4 cxd4 6. cxd4 d5 7. e5 Ne4 8. 0-0 Bf5 9. Qb3 Rb8 10. Be3 e6 11. Ne1 h6 12. f3 Ng5 13. Na3 Nh7 14. Rc1 Be7 15. Nd3 Bxd3 16. Bxd3 0-0 17. Bb1 Re8 18. Qd3 Nf8 19. f4 f5 20. g4 g6 21. gxf5 exf5 22. Kh1 Qd7 23. Rg1 Kh8 24. Rg2 Qe6 25. Rcg1 Bd8 26. Nb5 Re7 27. Nd6 Bc7 28. Nxf5 gxf5 29. Qxf5 Nh7 30. Qxe6 Rxe6 31. Bxh7 Kxh7 32. Rg7+ Kh8 33. Rxc7 Nb4 34. Rgg7 Nxa2 35. f5 Rc6 36. Rh7+ Kg8 37. Rhg7+ Kf8 38. f6 1-0

[Event "THA-chT"]
[Site "Bangkok"]
[Date "2015.12.06"]
[Round "5.2"]
[White "Rao, Manas"]
[Black "Petchrongrusamee, Pornpong"]
[Result "1/2-1/2"]
[WhiteElo "1626"]
[BlackElo "1730"]
[PlyCount "95"]
[EventDate "2015.12.04"]
[EventType "team-swiss"]
[EventRounds "9"]
[EventCountry "THA"]
[SourceTitle "CBM 170 Extra"]
[Source "ChessBase"]
[SourceDate "2016.02.25"]
[SourceVersion "1"]
[SourceVersionDate "2016.02.25"]
[SourceQuality "1"]
[WhiteTeam "BCC Juniors"]
[BlackTeam "Bangapi Thursday Club"]
[WhiteTeamCountry "THA"]
[BlackTeamCountry "THA"]

1. e4 g6 2. d4 Bg7 3. Nc3 d6 4. Nf3 Nf6 5. h3 0-0 6. Bc4 c6 7. 0-0 b5 8. Bb3 b4 9. e5 Nfd7 10. e6 bxc3 11. exd7 Nxd7 12. bxc3 h6 13. Qd3 e6 14. Bf4 Nf6 15. Rab1 Nd5 16. Bxd5 cxd5 17. Qb5 Qc7 18. Rb3 a5 19. Qb6 Qxb6 20. Rxb6 e5 21. dxe5 dxe5 22. Bxe5 Ba6 23. Re1 Rfe8 24. Bxg7 Rxe1+ 25. Nxe1 Kxg7 26. Nd3 Bxd3 27. cxd3 Rc8 28. Rb3 a4 29. Ra3 Ra8 30. Kf1 Kf6 31. Ke2 Ke5 32. Ke3 f5 33. f4+ Kd6 34. Kd4 Kc6 35. c4 Ra5 36. Rc3 Kd6 37. Rc1 dxc4 38. dxc4 a3 39. Rb1 Kc7 40. Rb5 Ra8 41. g4 fxg4 42. hxg4 Rf8 43. f5 h5 44. gxh5 gxh5 45. f6 Rxf6 46. Rxh5 Rf2 47. Ra5 Rxa2 48. Kc3 1/2-1/2

[Event "THA-chT"]
[Site "Bangkok"]
[Date "2015.12.05"]
[Round "4.2"]
[White "Phumphuang, Nathawat"]
[Black "Rao, Manas"]
[Result "1-0"]
[WhiteElo "1523"]
[BlackElo "1626"]
[PlyCount "67"]
[EventDate "2015.12.04"]
[EventType "team-swiss"]
[EventRounds "9"]
[EventCountry "THA"]
[SourceTitle "EXT 2017"]
[Source "ChessBase"]
[SourceDate "2016.10.25"]
[SourceVersion "1"]
[SourceVersionDate "2016.10.25"]
[SourceQuality "1"]
[WhiteTeam "Strong Team"]
[BlackTeam "BCC Juniors"]
[WhiteTeamCountry "THA"]
[BlackTeamCountry "THA"]

1. e4 c5 2. Bc4 Nc6 3. Nf3 g6 4. c3 Bg7 5. d3 d6 6. Bf4 Nf6 7. Nbd2 0-0 8. h3 a6 9. 0-0 b5 10. Bb3 Bd7 11. Re1 b4 12. d4 bxc3 13. bxc3 cxd4 14. cxd4 Nb4 15. Nc4 d5 16. exd5 Nbxd5 17. Bg5 Bf5 18. Ne3 Nxe3 19. Rxe3 Ne4 20. Bh4 Bh6 21. Rd3 Rc8 22. g4 Bd7 23. Qe1 Nf6 24. g5 Bxh3 25. gxh6 Qd7 26. Ne5 Qf5 27. Rf3 Qh5 28. Rxh3 g5 29. Bd1 Qxh6 30. Qe3 Nd5 31. Qxg5+ Qxg5+ 32. Bxg5 f6 33. Bh6 Ra8 34. Rg3+ 1-0